Principios de administración responsable: sostenibilidad, responsabilidad y ética glocales
Sábháilte in:
| Príomhchruthaitheoirí: | , |
|---|---|
| Formáid: | LEABHAR |
| Teanga: | Spáinnis |
| Foilsithe / Cruthaithe: |
Cuernavaca
Cengage Learning Editores S. A
2017
|
| Eagrán: | 1a. ed |
| Ábhair: | |
| Clibeanna: |
Cuir clib leis
Níl clibeanna ann, Bí ar an gcéad duine le clib a chur leis an taifead seo!
|
MARC
| LEADER | 00000cam a2200000 a 4500 | ||
|---|---|---|---|
| 001 | UCC4215 | ||
| 003 | CL-VaPUC | ||
| 008 | 180720e20170000mx |||||||||||||||||spa|d | ||
| 020 | |a 9786075228662 | ||
| 082 | 0 | 4 | |a 658 |b LAA |2 21 |
| 100 | 0 | |a Laasch, Oliver |e author |9 598360 | |
| 700 | 0 | |a Conaway, Roger N |e author |9 598361 | |
| 245 | 1 | 0 | |a Principios de administración responsable: sostenibilidad, responsabilidad y ética glocales |
| 250 | |a 1a. ed | ||
| 300 | |a 556 p | ||
| 942 | |c BK | ||
| 945 | |d 20180720 14:27:00 |a dcastane | ||
| 260 | |a Cuernavaca |b Cengage Learning Editores S. A |c 2017 | ||
| 650 | 0 | |a Administración de empresas |9 260833 | |
| 650 | 7 | |a RESPONSABILIDAD SOCIAL CORPORATIVA |2 CL-VaPUC |9 540337 | |
| 650 | 0 | |a Ética empresarial |9 428363 | |
| 583 | |a last modification |c 20180720 14:27:00 |k Rodrigo Vera | ||
| 999 | |c 371768 |d 371766 | ||
| 952 | |0 0 |1 0 |3 erb |4 0 |6 658_000000000000000_LAA_2017 |7 0 |8 A |9 488951 |a BIBGIM |b BIBGIM |i 5481686 |l 1 |o 658 LAA 2017 |p 5481686 |r 2025-01-15 |s 2024-05-22 |w 2019-11-24 |y BK |z Catalogado en:20180720 |k COM | ||
| 952 | |0 0 |1 0 |3 erb |4 0 |6 658_000000000000000_LAA_2017 |7 0 |8 A |9 488952 |a BIBGIM |b BIBGIM |i 5481678 |l 2 |o 658 LAA 2017 |p 5481678 |r 2025-01-15 |s 2024-05-22 |w 2019-11-24 |y BK |z Catalogado en:20180720 |k COM | ||
| 952 | |0 0 |1 0 |3 erb |4 0 |6 658_000000000000000_LAA_2017 |7 0 |8 A |9 488953 |a BIBGIM |b BIBGIM |i 548166K |l 7 |m 2 |o 658 LAA 2017 |p 548166K |q 2025-07-31 |r 2025-05-02 |s 2025-05-02 |w 2019-11-24 |y BK |z Catalogado en:20180720 |k COM | ||
| 952 | |0 0 |1 0 |3 erb |4 0 |6 658_000000000000000_LAA_2017 |7 0 |8 A |9 488954 |a BIBGIM |b BIBGIM |i 5481651 |l 2 |o 658 LAA 2017 |p 5481651 |r 2025-01-15 |s 2024-05-15 |w 2019-11-24 |y BK |z Catalogado en:20180720 |k COM | ||
| 952 | |0 0 |1 0 |3 erb |4 0 |6 658_000000000000000_LAA_2017 |7 0 |8 A |9 488955 |a BIBGIM |b BIBGIM |i 5481643 |l 3 |m 1 |o 658 LAA 2017 |p 5481643 |r 2025-05-07 |s 2025-01-28 |w 2019-11-24 |y BK |z Catalogado en:20180720 |k COM | ||